000 00280nam a2200121Ia 4500
008 240731s9999 xx 000 0 und d
022 _a1749-6306
245 0 _aCostume
260 _bRoutledge
856 _uhttps://www.tandfonline.com/loi/ycos20
942 _2ddc
942 _cTFEJ
999 _c76077
_d76077
945 _a1
_bMadushi Gamage
_c1
_dMadushi Gamage